00386nam a2200145Ia 4500003000400000008004100004040001600045082001300061100002200074245005800096260003900154300001000193650001500203650002200218GCL140319s9999 xx 000 0 eng d aGCL / cGCL04a841bF L1 aFINBERT, J. ELIAN10aLE LIVER DE LA SAGESSE CHINOISE / cFINBERT, J. ELIAN a[S.N] : bROBERT LAFFONT ، c1949 a119 P04aLITERATURE04aFRENCH LITERATURE